| 000 | 00754nam a2200217Ia 4500 | ||
|---|---|---|---|
| 001 | 13103 | ||
| 003 | GE_BSU | ||
| 008 | 181216s||||||||xx |||||||||||||| ||und|| | ||
| 040 | _cGE_BSU | ||
| 080 | _a821.111-32 | ||
| 245 | _aReader's digest condesed books. | ||
| 245 | 4 | _bThe white house connection. A walkto remember. Ice reich. A place of exe cution. | |
| 260 | _aLondon. | ||
| 260 | _bThe reader's digest association limited. | ||
| 260 | _c1999 | ||
| 300 | _a540p;20cm. | ||
| 300 | _bill. | ||
| 520 | _aThe white house connection(p.9-136)Jack Higgins. A walkto remember(p.137-230)Nicholas Sparks. Ice reich(p.231-372)William Dietrich. A place of exe cution.(p.373-538)Val MC Dermid. | ||
| 653 | _aReader's digest condesed books. | ||
| 942 | _cBK | ||
| 999 |
_c46269 _d46269 |
||